Novela zákona o daniach z príjmov
Jednotlivé konkrétne zmeny obsiahnuté v novele zákona o daniach z príjmov č. 163/2003 a ich uplatnenie.
Saved in:
| Main Author: | |
|---|---|
| Format: | Book Chapter |
| Language: | Slovak |
| Subjects: | |
| Tags: |
No Tags, Be the first to tag this record!
|
MARC
| LEADER | 00000naa a2200000 4500 | ||
|---|---|---|---|
| 001 | r049403 | ||
| 005 | 20230720081255.3 | ||
| 041 | 0 | |a slo | |
| 044 | |a SK | ||
| 245 | 1 | 0 | |a Novela zákona o daniach z príjmov |c Anna Nováková |
| 520 | |a Jednotlivé konkrétne zmeny obsiahnuté v novele zákona o daniach z príjmov č. 163/2003 a ich uplatnenie. | ||
| 610 | 2 | 0 | |a dane z príjmov |
| 610 | 2 | 0 | |a zákony |
| 610 | 2 | 0 | |a novelizácia |
| 610 | 2 | 0 | |a 2003 |
| 100 | 1 | |a Nováková, Anna | |